000 00610nab a2200181 4500
001 244442
003 OSt
005 20231024080516.0
007 tu
008 200917s2020|||||||
040 _aDE-2950
_cDE-2950
245 0 0 _aKontroverse Grenzkontrollen
_bMigration. Die verstärkte Überwachung des Grenzverkehrs sorgt für Stau auf der Autobahn - und geteilte Meinungen an der Stadtbrücke/
_cThomas Gutke, Marlena Dumin
264 _c2023
653 _aFrankfurt (Oder)
653 _aGrenzkontrollen
773 0 _g34. Jahrgang (2023) Nr. 244 vom 19.10.2023, S. 13
_tMärkische Oderzeitung
942 _2z
_cA
999 _c372788
_d372788